Statistiken für Alle Pokemon mit "I"

Klicken Sie hier um das Quiz zu spielen!

Allgemein

  • Dieses Quiz wurde 286 mal gespielt
  • Das Durchschnittsergebnis liegt bei 9 aus 17

Antwortstatistiken

HintAntwort% Korrekt
Kanto (1)022Ibitak
92%
Johto (4)156Igelavar
88%
Johto (4)160Impergator
73%
Johto (4)201Icognito
72%
Kalos (4)686Iscalar
70%
Johto (4)169Iksbat
58%
Sinnoh (1)395Impoleon
57%
Kalos (4)650Igamaro
56%
Einall (2)636Ignivor
55%
Kalos (4)710Irrbis
52%
Kalos (4)651Igastarnish
51%
Alola (1)753Imantis
51%
Hoenn (2)360Isso
40%
Hoenn (2)314Illumise
37%
Galar (2)874Intelleon
35%
Galar (2)813Infernopod
23%
Einall (2)560Irokex
22%

Verteilung der Resultate

Perzentil nach korrekt beantworteten Fragen

Anzahl Personen mit jedem Resultat

Ihre Resultats-Entwicklung

Sie haben dieses Quiz noch nicht gespielt